Get the Picture: Disney Princesses III Quiz Stats

 Plays Quiz Updated Sep 30, 2019

Score 0/16 Timer 05:00
0 Plays Today
Question Answer Wrong Answers
Movie
Brave
Merida
94.5%
Tiana
0.5%
Rapunzel
1.1%
Anna
0.5%
Song
Do You Want to Build a Snowman?
Anna
94.5%
Tiana
0.3%
Rapunzel
1.4%
Merida
0.4%
Movie
Frozen
Anna
94.1%
Tiana
0.1%
Rapunzel
1.9%
Merida
0.5%
Movie
Tangled
Rapunzel
92.2%
Tiana
0.5%
Merida
3.2%
Anna
0.8%
Movie
The Princess and the Frog
Tiana
91.6%
Rapunzel
3.3%
Merida
1%
Anna
0.7%
Love Interest
Kristoff Bjorgman
Anna
89.1%
Tiana
1.4%
Rapunzel
3.7%
Merida
2.3%
Villain
Prince Hans
Anna
87.9%
Tiana
1.2%
Rapunzel
5.3%
Merida
2.1%
Villain
Dr. Facilier
Tiana
85.2%
Rapunzel
4.5%
Merida
5%
Anna
1.6%
Love Interest
Prince Naveen
Tiana
83.6%
Rapunzel
5.9%
Merida
4.3%
Anna
2.8%
Love Interest
None
Merida
83.6%
Tiana
6.8%
Rapunzel
2.4%
Anna
3.9%
Love Interest
Flynn Rider
Rapunzel
82.9%
Tiana
3.4%
Merida
5.4%
Anna
5%
Villain
Mother Gothel
Rapunzel
80.3%
Tiana
5.4%
Merida
8.5%
Anna
2.2%
Song
None
Merida
79.7%
Tiana
9.8%
Rapunzel
5.2%
Anna
2.1%
Song
When Will My Life Begin?
Rapunzel
76.7%
Tiana
9%
Merida
6.1%
Anna
4.8%
Villain
Mor'du
Merida
73.6%
Tiana
18.3%
Rapunzel
3.2%
Anna
1.3%
Song
Almost There
Tiana
69.8%
Rapunzel
12.5%
Merida
10.3%
Anna
3.9%

Today's Daily Dose

Missing Word
Celine Dion

Word Ladder
Dr. Seuss Books

Quick Pick
Cities in India

Get the Picture
'A' Actresses

You're not logged in!

Compare scores with friends on all Sporcle quizzes.
OR
Log In

Sporcle TV

Today on Sporcle TV


Watch our educational content, quiz creation guides, and fun videos on Sporcle TV.

Show Comments

Extras

Top Quizzes Today


Score Distribution

Your Account Isn't Verified!

In order to create a playlist on Sporcle, you need to verify the email address you used during registration. Go to your Sporcle Settings to finish the process.

Report this User

Report this user for behavior that violates our Community Guidelines.

Details: